000 00236nam a2200085Ia 4500
245 0 _aAll you want to know about cricket
100 _a Middlebrook, Ralph Elgin, IL, 2009
942 _cBK
008 210818s9999 xx 000 0 und d
999 _c431800
_d431799